Densest Populated Capitals - Statistics

General Stats
  • This quiz has been taken 20 times
  • The average score is 6 of 12
Answer Stats
City Density (people/km2) % Correct
Delhi 19944
89%
Dhaka 29069
89%
Cairo 15742
78%
Manila 41515
72%
Paris 20755
72%
Seoul 15763
72%
Monaco 18292
61%
Kathmandu 23923
33%
Malé 23002
28%
Damascus 22221
6%
Port-au-Prince 27395
6%
Asmara 21400
0%
No matching quizzes found
Score Distribution
Percent of People with Each Score
Percentile by Number Answered
Your Score History
You have not taken this quiz